[Event "Moscow Open 2018 AB"]
[Site "?"]
[Date "2018.01.30"]
[Round "4.2"]
[White "Shukh, Nikolai"]
[Black "Vavulin, Maksim"]
[Result "1-0"]
[BlackElo "2575"]
[WhiteElo "2435"]
[LiveChessVersion "1.4.8"]

1. e4 {[%clk 1:29:51]} Nf6 {[%clk 1:30:20]} 2. Nc3 {[%clk 1:28:33]} e6
{[%clk 1:26:44]} 3. d4 {[%clk 1:26:35]} Bb4 {[%clk 1:25:08]} 4. Bd3
{[%clk 1:23:00]} c5 {[%clk 1:20:39]} 5. a3 {[%clk 1:21:19]} Bxc3+
{[%clk 1:06:35]} 6. bxc3 {[%clk 1:21:39]} Qa5 {[%clk 1:06:30]} 7. e5
{[%clk 1:17:57]} c4 {[%clk 0:59:32]} 8. exf6 {[%clk 1:13:33]} cxd3
{[%clk 0:59:58]} 9. fxg7 {[%clk 1:10:51]} Rg8 {[%clk 1:00:23]} 10. Qxd3
{[%clk 1:11:10]} Rxg7 {[%clk 1:00:49]} 11. Ne2 {[%clk 1:11:16]} b6
{[%clk 1:00:05]} 12. Qf3 {[%clk 1:08:15]} Nc6 {[%clk 0:57:26]} 13. d5
{[%clk 0:59:40]} exd5 {[%clk 0:54:03]} 14. O-O {[%clk 0:53:52]} Bb7
{[%clk 0:47:54]} 15. Nd4 {[%clk 0:50:43]} O-O-O {[%clk 0:47:53]} 16. Bf4
{[%clk 0:48:29]} Nxd4 {[%clk 0:11:45]} 17. cxd4 {[%clk 0:48:50]} Bc6
{[%clk 0:12:09]} 18. Be5 {[%clk 0:41:14]} Rg6 {[%clk 0:11:04]} 19. Qxf7
{[%clk 0:37:23]} Rdg8 {[%clk 0:11:22]} 20. Bg3 {[%clk 0:34:14]} Qc3
{[%clk 0:11:07]} 21. Rad1 {[%clk 0:24:32]} Kb7 {[%clk 0:09:58]} 22. Qxh7
{[%clk 0:23:45]} Qxc2 {[%clk 0:09:22]} 23. Rc1 {[%clk 0:21:27]} Qb2
{[%clk 0:08:32]} 24. a4 {[%clk 0:18:46]} Ka6 {[%clk 0:05:34]} 25. Rfd1
{[%clk 0:15:19]} Qe2 {[%clk 0:04:37]} 26. Qf7 {[%clk 0:14:34]} Qe4
{[%clk 0:03:23]} 27. Rc3 {[%clk 0:12:05]} Qe2 {[%clk 0:01:42]} 28. Qf3
{[%clk 0:09:20]} Qxf3 {[%clk 0:01:09]} 29. Rxf3 {[%clk 0:09:45]} Bxa4
{[%clk 0:01:36]} 30. Ra1 {[%clk 0:10:10]} b5 {[%clk 0:01:58]} 31. h4
{[%clk 0:10:35]} Kb6 {[%clk 0:00:35]} 32. Rf7 {[%clk 0:07:20]} R8g7
{[%clk 0:00:33]} 33. Rxg7 {[%clk 0:05:57]} Rxg7 {[%clk 0:01:02]} 34. Bd6
{[%clk 0:06:06]} a5 {[%clk 0:00:43]} 35. f3 {[%clk 0:05:59]} Rh7 {[%clk 0:00:32]}
36. g3 {[%clk 0:03:57]} Bb3 {[%clk 0:00:32]} 37. Bc5+ {[%clk 0:04:18]} Ka6
{[%clk 0:00:54]} 38. Kg2 {[%clk 0:04:14]} Rh6 {[%clk 0:00:33]} 39. Kh3
{[%clk 0:03:48]} Rc6 {[%clk 0:00:32]} 40. h5 {[%clk 0:33:47]} Ba4
{[%clk 0:30:33]} 41. g4 {[%clk 0:31:07]} d6 {[%clk 0:25:23]} 42. Ba3
{[%clk 0:31:29]} Kb6 {[%clk 0:25:02]} 43. f4 {[%clk 0:22:51]} Bc2
{[%clk 0:23:03]} 44. f5 {[%clk 0:22:11]} b4 {[%clk 0:23:16]} 45. Bc1
{[%clk 0:19:40]} b3 {[%clk 0:17:55]} 46. h6 {[%clk 0:18:02]} Be4 {[%clk 0:17:12]}
47. Kh4 {[%clk 0:17:29]} a4 {[%clk 0:01:07]} 48. h7 {[%clk 0:15:36]} Rc8
{[%clk 0:00:35]} 49. Kg5 {[%clk 0:16:01]} Bf3 {[%clk 0:00:32]} 50. Kf4
{[%clk 0:13:50]} Be4 {[%clk 0:00:35]} 51. g5 {[%clk 0:11:14]} Rf8
{[%clk 0:00:32]} 52. g6 {[%clk 0:11:28]} Rxf5+ {[%clk 0:00:37]} 53. Kg4
{[%clk 0:11:52]} Rf8 {[%clk 0:00:33]} 54. g7 {[%clk 0:12:18]} 1-0

[Event "Moscow Open 2018 AB"]
[Site "?"]
[Date "2018.01.30"]
[Round "4.3"]
[White "Malyshev, Grigory"]
[Black "Savchenko, Boris"]
[Result "0-1"]
[BlackElo "2566"]
[WhiteElo "2364"]
[LiveChessVersion "1.4.8"]

1. d4 Nf6 {[%clk 1:10:11]} 2. c4 {[%clk 1:31:21]} g6 3. g3 {[%clk 1:31:33]} d5
{[%clk 1:10:35]} 4. Bg2 {[%clk 1:31:35]} Bg7 {[%clk 1:10:57]} 5. Nc3
{[%clk 1:31:59]} dxc4 {[%clk 1:10:44]} 6. Qa4+ {[%clk 1:32:14]} Nfd7
{[%clk 1:10:39]} 7. Nf3 {[%clk 1:32:33]} Nc6 {[%clk 1:10:32]} 8. e3
{[%clk 1:09:05]} Nb6 {[%clk 1:10:26]} 9. Qb5 {[%clk 1:09:02]} Qd6
{[%clk 0:38:20]} 10. O-O {[%clk 0:40:53]} a6 {[%clk 0:33:34]} 11. Qc5
{[%clk 0:34:17]} Bf5 {[%clk 0:24:36]} 12. Ng5 {[%clk 0:18:54]} Bd3
{[%clk 0:20:03]} 13. Rd1 Qxc5 {[%clk 0:18:26]} 14. dxc5 {[%clk 0:19:35]} Bxc3
{[%clk 0:18:32]} 15. cxb6 {[%clk 0:12:04]} Bf6 {[%clk 0:03:55]} 16. Nh3
{[%clk 0:11:14]} O-O-O {[%clk 0:03:55]} 17. bxc7 {[%clk 0:11:00]} Kxc7
{[%clk 0:04:20]} 18. Nf4 {[%clk 0:11:02]} Nb4 {[%clk 0:04:28]} 19. a3
{[%clk 0:05:52]} e5 {[%clk 0:04:44]} 20. axb4 {[%clk 0:05:46]} exf4
{[%clk 0:05:09]} 21. gxf4 {[%clk 0:06:13]} Be7 {[%clk 0:05:44]} 22. b5
{[%clk 0:04:12]} axb5 {[%clk 0:05:44]} 23. Ra7 {[%clk 0:04:12]} Rb8
{[%clk 0:03:40]} 24. Bd2 {[%clk 0:04:04]} b4 {[%clk 0:03:26]} 25. Rda1
{[%clk 0:02:11]} Rhd8 {[%clk 0:02:15]} 26. R1a6 {[%clk 0:02:11]} Rd6
{[%clk 0:02:15]} 27. Ra1 {[%clk 0:02:11]} Rd7 {[%clk 0:02:04]} 28. Bf3 f5 29. Rc1
{[%clk 0:00:36]} c3 {[%clk 0:01:53]} 0-1

[Event "Moscow Open 2018 AB"]
[Site "?"]
[Date "2018.01.30"]
[Round "4.4"]
[White "Kokarev, Dmitry"]
[Black "Fakhrutdinov, Timur"]
[Result "1/2-1/2"]
[BlackElo "2417"]
[WhiteElo "2616"]
[LiveChessVersion "1.4.8"]

1. g3 {[%clk 1:30:56]} d5 {[%clk 1:30:54]} 2. Bg2 {[%clk 1:31:20]} Nf6
{[%clk 1:31:11]} 3. f4 {[%clk 1:31:44]} c5 {[%clk 1:27:27]} 4. Nf3
{[%clk 1:32:06]} Nc6 {[%clk 1:26:25]} 5. O-O {[%clk 1:32:28]} g6 {[%clk 1:23:46]}
6. d3 {[%clk 1:32:50]} Bg7 {[%clk 1:23:13]} 7. c3 {[%clk 1:33:05]} O-O
{[%clk 1:22:16]} 8. Na3 {[%clk 1:33:28]} d4 {[%clk 1:13:28]} 9. e4
{[%clk 1:33:43]} dxe3 {[%clk 0:54:24]} 10. Bxe3 {[%clk 1:34:03]} Bf5
{[%clk 0:51:54]} 11. Bxc5 {[%clk 1:27:52]} Bxd3 {[%clk 0:45:46]} 12. Re1
{[%clk 1:28:03]} Qd5 {[%clk 0:36:00]} 13. Bf2 {[%clk 1:25:54]} Be4
{[%clk 0:34:41]} 14. Qxd5 {[%clk 1:22:22]} Bxd5 {[%clk 0:34:52]} 15. Nd4
{[%clk 1:02:34]} Bxg2 {[%clk 0:32:59]} 16. Kxg2 {[%clk 1:02:58]} Nxd4
{[%clk 0:31:29]} 17. Bxd4 {[%clk 1:03:21]} e6 {[%clk 0:31:54]} 18. Rad1
{[%clk 0:55:51]} Rfd8 {[%clk 0:31:15]} 19. Kf3 {[%clk 0:56:10]} a6
{[%clk 0:22:37]} 20. Nc4 {[%clk 0:47:03]} Rac8 {[%clk 0:17:09]} 21. Ne5
{[%clk 0:37:03]} Nd5 {[%clk 0:15:02]} 22. Rd2 {[%clk 0:34:52]} b5
{[%clk 0:11:52]} 23. Red1 {[%clk 0:34:15]} Bxe5 {[%clk 0:08:03]} 24. fxe5
{[%clk 0:33:26]} Kf8 {[%clk 0:07:09]} 25. Be3 {[%clk 0:28:25]} Rc4
{[%clk 0:07:06]} 26. Rd4 {[%clk 0:27:59]} Rdc8 {[%clk 0:07:06]} 27. Rxc4
{[%clk 0:24:48]} Rxc4 {[%clk 0:06:45]} 28. Bd4 {[%clk 0:23:56]} h5
{[%clk 0:05:22]} 29. Ke2 {[%clk 0:23:28]} Ke8 {[%clk 0:04:39]} 30. Kd3
{[%clk 0:23:33]} Ne7 {[%clk 0:03:32]} 31. Re1 {[%clk 0:20:04]} Nf5
{[%clk 0:02:58]} 32. Bf2 {[%clk 0:20:26]} Kd7 {[%clk 0:02:05]} 33. b3
{[%clk 0:19:47]} Rc7 {[%clk 0:01:57]} 34. Re4 {[%clk 0:17:39]} Kc6
{[%clk 0:02:11]} 35. a4 {[%clk 0:16:03]} Rd7+ {[%clk 0:01:36]} 36. Kc2
{[%clk 0:16:04]} Ne7 {[%clk 0:01:00]} 37. h3 {[%clk 0:11:53]} Kd5
{[%clk 0:00:48]} 38. Rd4+ {[%clk 0:11:26]} Kc6 {[%clk 0:01:12]} 39. Rf4
{[%clk 0:11:46]} Nd5 {[%clk 0:00:56]} 40. Re4 {[%clk 0:42:06]} Ne7
{[%clk 0:30:37]} 41. g4 {[%clk 0:38:14]} hxg4 {[%clk 0:29:55]} 42. hxg4
{[%clk 0:38:39]} Kd5 {[%clk 0:25:16]} 43. Rd4+ {[%clk 0:33:18]} Kc6
{[%clk 0:25:37]} 44. Rf4 {[%clk 0:33:42]} Nd5 {[%clk 0:25:52]} 45. axb5+
{[%clk 0:33:44]} axb5 {[%clk 0:25:52]} 46. Rf3 {[%clk 0:34:07]} Nc7
{[%clk 0:21:09]} 47. Bd4 {[%clk 0:30:36]} Na6 {[%clk 0:13:13]} 48. Rf1
{[%clk 0:26:50]} Nb4+ {[%clk 0:11:54]} 49. Kd2 {[%clk 0:26:04]} Kb7
{[%clk 0:10:23]} 50. Ke3 {[%clk 0:24:59]} Nc6 {[%clk 0:09:14]} 51. b4
{[%clk 0:22:56]} Nxd4 {[%clk 0:05:30]} 52. cxd4 {[%clk 0:23:20]} Rc7
{[%clk 0:04:25]} 53. Ke4 {[%clk 0:17:33]} Kb6 {[%clk 0:04:40]} 54. g5
{[%clk 0:17:46]} Kb7 {[%clk 0:03:04]} 55. Rh1 {[%clk 0:17:16]} Rc2
{[%clk 0:02:33]} 56. Rh7 {[%clk 0:16:49]} Rc7 {[%clk 0:02:37]} 57. Rh8
{[%clk 0:16:17]} Rc1 {[%clk 0:02:28]} 58. Rf8 {[%clk 0:16:23]} Re1+
{[%clk 0:01:32]} 59. Kd3 {[%clk 0:16:15]} Rd1+ {[%clk 0:00:55]} 60. Ke3
{[%clk 0:16:24]} Re1+ {[%clk 0:00:49]} 61. Kd2 {[%clk 0:12:36]} Rf1
{[%clk 0:01:12]} 62. d5 {[%clk 0:13:00]} Rf5 {[%clk 0:00:58]} 63. Kc3
{[%clk 0:12:30]} exd5 {[%clk 0:01:05]} 64. Kd4 {[%clk 0:12:54]} Kc6
{[%clk 0:01:18]} 65. Rc8+ {[%clk 0:13:15]} 1/2-1/2

[Event "Moscow Open 2018 AB"]
[Site "?"]
[Date "2018.01.30"]
[Round "4.5"]
[White "Frolyanov, Dmitry"]
[Black "Harutjunyan, Gevorg"]
[Result "1/2-1/2"]
[BlackElo "2407"]
[WhiteElo "2567"]
[LiveChessVersion "1.4.8"]

1. e4 {[%clk 1:30:24]} c5 {[%clk 1:30:50]} 2. Nf3 {[%clk 1:30:46]} e6
{[%clk 1:31:12]} 3. d4 {[%clk 1:31:11]} cxd4 {[%clk 1:31:34]} 4. Nxd4
{[%clk 1:31:37]} Nc6 {[%clk 1:31:52]} 5. Nc3 {[%clk 1:31:54]} Qc7
{[%clk 1:32:12]} 6. Be2 {[%clk 1:31:22]} a6 {[%clk 1:32:14]} 7. O-O
{[%clk 1:30:30]} Nf6 {[%clk 1:32:33]} 8. Be3 {[%clk 1:30:43]} Be7
{[%clk 1:32:49]} 9. f4 {[%clk 1:30:43]} d6 {[%clk 1:33:06]} 10. Qe1
{[%clk 1:27:14]} O-O {[%clk 1:32:50]} 11. Qg3 {[%clk 1:27:15]} Nxd4
{[%clk 1:32:42]} 12. Bxd4 {[%clk 1:27:35]} b5 {[%clk 1:33:04]} 13. a3
{[%clk 1:27:08]} Bb7 {[%clk 1:33:02]} 14. Kh1 {[%clk 1:26:46]} Rad8
{[%clk 1:31:26]} 15. Bd3 {[%clk 1:26:49]} Bc6 {[%clk 1:21:21]} 16. Rae1
{[%clk 1:24:14]} Qd7 {[%clk 1:16:45]} 17. Nd1 {[%clk 1:19:36]} Nh5
{[%clk 1:09:22]} 18. Qg4 {[%clk 1:13:14]} g6 {[%clk 1:02:11]} 19. Re3
{[%clk 1:04:08]} e5 {[%clk 0:48:56]} 20. Qxd7 {[%clk 1:03:55]} Rxd7
{[%clk 0:49:19]} 21. fxe5 {[%clk 1:04:12]} dxe5 {[%clk 0:49:38]} 22. Bxe5
{[%clk 1:04:26]} Re8 {[%clk 0:47:36]} 23. Bc3 {[%clk 1:02:45]} Bc5
{[%clk 0:44:27]} 24. Ree1 {[%clk 1:01:33]} Bd4 {[%clk 0:40:51]} 25. Bxd4
{[%clk 0:59:16]} Rxd4 {[%clk 0:41:17]} 26. Nc3 {[%clk 0:58:50]} Kg7
{[%clk 0:38:50]} 27. Kg1 {[%clk 0:55:19]} Nf6 {[%clk 0:36:08]} 28. e5
{[%clk 0:43:26]} Nd7 {[%clk 0:35:17]} 29. Ne2 {[%clk 0:34:24]} Rg4
{[%clk 0:33:56]} 30. Nf4 {[%clk 0:33:14]} Nxe5 {[%clk 0:29:37]} 31. Be2
{[%clk 0:33:00]} Rg5 {[%clk 0:29:55]} 32. g3 {[%clk 0:31:13]} Nd7
{[%clk 0:23:50]} 33. Nd3 {[%clk 0:29:57]} Nb6 {[%clk 0:21:56]} 34. Bd1
{[%clk 0:27:37]} Rxe1 {[%clk 0:20:17]} 35. Rxe1 {[%clk 0:28:01]} Kf8
{[%clk 0:18:49]} 36. g4 {[%clk 0:21:28]} Bb7 {[%clk 0:15:52]} 37. b3
{[%clk 0:13:50]} Rd5 {[%clk 0:12:11]} 38. Bf3 {[%clk 0:12:48]} Rd7
{[%clk 0:12:10]} 39. Bxb7 {[%clk 0:12:57]} Rxb7 {[%clk 0:12:35]} 40. Nc5
{[%clk 0:39:04]} Ra7 {[%clk 0:40:08]} 41. Re5 {[%clk 0:37:00]} Nd7
{[%clk 0:38:42]} 1/2-1/2

[Event "Moscow Open 2018 AB"]
[Site "?"]
[Date "2018.01.30"]
[Round "4.6"]
[White "Vokhidov, Shamsiddin"]
[Black "Timofeev, Artyom"]
[Result "1/2-1/2"]
[BlackElo "2563"]
[WhiteElo "2401"]
[LiveChessVersion "1.4.8"]

1. e4 e5 {[%clk 1:30:24]} 2. Nf3 {[%clk 1:30:35]} Nf6 {[%clk 1:30:47]} 3. Nxe5
{[%clk 1:27:19]} Qe7 {[%clk 1:31:10]} 4. Nf3 {[%clk 1:25:23]} Nxe4
{[%clk 1:31:17]} 5. Be2 {[%clk 1:25:20]} d5 {[%clk 1:31:39]} 6. O-O
{[%clk 1:25:01]} Qd8 {[%clk 1:32:01]} 7. d4 {[%clk 1:23:13]} Be7 {[%clk 1:32:22]}
8. Bd3 {[%clk 1:15:07]} Nd6 {[%clk 1:29:34]} 9. Bf4 {[%clk 1:14:31]} O-O
{[%clk 1:29:53]} 10. Nbd2 {[%clk 1:14:18]} Bg4 {[%clk 1:26:50]} 11. c3
{[%clk 1:11:54]} Nd7 {[%clk 1:27:02]} 12. Qc2 {[%clk 1:09:44]} g6
{[%clk 1:24:32]} 13. Rfe1 {[%clk 1:06:27]} Re8 {[%clk 1:19:52]} 14. Qb3
{[%clk 0:56:02]} Nb6 {[%clk 1:15:59]} 15. Re2 {[%clk 0:52:46]} Bf8
{[%clk 1:13:17]} 16. Rxe8 {[%clk 0:51:27]} Qxe8 {[%clk 1:09:28]} 17. h3
{[%clk 0:49:40]} Be6 {[%clk 1:06:25]} 18. Qc2 {[%clk 0:47:16]} Qd8
{[%clk 0:52:21]} 19. g4 {[%clk 0:35:07]} Qc8 {[%clk 0:47:05]} 20. Re1
{[%clk 0:32:37]} Nbc4 {[%clk 0:47:07]} 21. Kh2 {[%clk 0:31:29]} a5
{[%clk 0:44:15]} 22. Ne5 {[%clk 0:28:49]} Nxd2 {[%clk 0:35:06]} 23. Qxd2
{[%clk 0:25:33]} c5 {[%clk 0:33:12]} 24. dxc5 {[%clk 0:25:07]} Qxc5
{[%clk 0:33:34]} 25. Qe3 {[%clk 0:22:19]} b6 {[%clk 0:32:23]} 26. Kg2
{[%clk 0:20:31]} Re8 {[%clk 0:30:19]} 27. Nf3 {[%clk 0:16:06]} a4
{[%clk 0:29:04]} 28. a3 {[%clk 0:14:31]} Bd7 {[%clk 0:26:12]} 29. Qc1
{[%clk 0:13:48]} Nc4 {[%clk 0:21:45]} 30. Rxe8 {[%clk 0:12:20]} Bxe8
{[%clk 0:22:13]} 31. Qc2 {[%clk 0:11:05]} Bg7 {[%clk 0:19:14]} 32. Qe2
{[%clk 0:10:58]} Bc6 {[%clk 0:19:30]} 33. Kg3 {[%clk 0:10:01]} b5
{[%clk 0:18:17]} 34. h4 {[%clk 0:10:03]} Bd7 {[%clk 0:16:06]} 35. h5
{[%clk 0:08:00]} gxh5 {[%clk 0:16:27]} 36. gxh5 {[%clk 0:08:13]} h6
{[%clk 0:16:43]} 37. Ne5 {[%clk 0:08:00]} Be6 {[%clk 0:16:19]} 38. Ng4
{[%clk 0:06:15]} d4 {[%clk 0:13:30]} 39. cxd4 {[%clk 0:05:50]} Qxd4
{[%clk 0:10:57]} 40. Nxh6+ {[%clk 0:34:58]} Kf8 {[%clk 0:39:36]} 41. Nf5
{[%clk 0:26:54]} Bxf5 {[%clk 0:35:00]} 42. Bxf5 {[%clk 0:27:21]} Qxb2
{[%clk 0:35:12]} 1/2-1/2

[Event "Moscow Open 2018 AB"]
[Site "?"]
[Date "2018.01.30"]
[Round "4.7"]
[White "Kardashevskiy, Evgeny"]
[Black "Levin, Evgeny A."]
[Result "1/2-1/2"]
[BlackElo "2545"]
[WhiteElo "2400"]
[LiveChessVersion "1.4.8"]

1. d4 {[%clk 1:30:56]} Nf6 {[%clk 1:24:02]} 2. Nf3 {[%clk 1:31:17]} b6
{[%clk 1:23:53]} 3. c4 {[%clk 1:31:08]} Bb7 {[%clk 1:24:09]} 4. g3
{[%clk 1:30:39]} g6 {[%clk 1:24:06]} 5. Bg2 {[%clk 1:30:17]} Bg7 {[%clk 1:24:32]}
6. O-O {[%clk 1:30:30]} O-O {[%clk 1:24:57]} 7. Qc2 {[%clk 1:26:33]} e6
{[%clk 1:17:28]} 8. Nc3 {[%clk 1:25:41]} d5 {[%clk 1:17:54]} 9. Ne5
{[%clk 1:18:33]} Nbd7 {[%clk 0:56:19]} 10. Bg5 {[%clk 1:09:52]} h6
{[%clk 0:46:32]} 11. cxd5 {[%clk 1:02:40]} exd5 {[%clk 0:40:27]} 12. Bf4
{[%clk 0:55:20]} c6 {[%clk 0:39:17]} 13. Rfd1 {[%clk 0:54:33]} Re8
{[%clk 0:35:59]} 14. e4 {[%clk 0:50:19]} Nf8 {[%clk 0:34:37]} 15. Qa4
{[%clk 0:47:17]} Ne6 {[%clk 0:31:48]} 16. exd5 {[%clk 0:43:32]} cxd5
{[%clk 0:25:41]} 17. Be3 {[%clk 0:43:45]} a6 {[%clk 0:22:02]} 18. Rac1
{[%clk 0:43:11]} Rc8 {[%clk 0:20:23]} 19. Qb3 {[%clk 0:42:23]} Qd6
{[%clk 0:20:14]} 20. Bh3 {[%clk 0:34:39]} Ba8 {[%clk 0:12:40]} 21. a3
{[%clk 0:31:37]} Rc7 {[%clk 0:10:41]} 22. Ne2 {[%clk 0:26:02]} Rec8
{[%clk 0:09:18]} 23. Rxc7 {[%clk 0:26:02]} Rxc7 {[%clk 0:09:31]} 24. Nf4
{[%clk 0:25:55]} Ng5 {[%clk 0:08:29]} 25. Bg2 {[%clk 0:25:12]} Bb7
{[%clk 0:08:25]} 26. Nfd3 {[%clk 0:24:16]} Ne6 {[%clk 0:08:14]} 27. Nf4
{[%clk 0:22:46]} Ng5 {[%clk 0:08:34]} 28. Nfd3 {[%clk 0:23:10]} Ne6
{[%clk 0:08:50]} 29. Nf4 {[%clk 0:23:32]} Ng5 {[%clk 0:09:13]} 30. Nfd3
{[%clk 0:23:55]} Ne6 {[%clk 0:09:02]} 1/2-1/2

[Event "Moscow Open 2018 AB"]
[Site "?"]
[Date "2018.01.30"]
[Round "4.8"]
[White "Korchmar, Vasiliy"]
[Black "Mozharov, Mikhail"]
[Result "0-1"]
[BlackElo "2539"]
[WhiteElo "2399"]
[LiveChessVersion "1.4.8"]

1. d4 {[%clk 1:27:07]} Nf6 {[%clk 1:30:48]} 2. c4 {[%clk 1:27:32]} e6
{[%clk 1:31:15]} 3. g3 {[%clk 1:27:54]} c5 {[%clk 1:30:59]} 4. d5
{[%clk 1:28:17]} exd5 {[%clk 1:31:18]} 5. cxd5 {[%clk 1:28:42]} d6
{[%clk 1:31:26]} 6. Nc3 {[%clk 1:29:00]} g6 {[%clk 1:31:50]} 7. Bg2
{[%clk 1:29:20]} Bg7 {[%clk 1:32:15]} 8. Nf3 {[%clk 1:29:44]} O-O
{[%clk 1:32:27]} 9. O-O {[%clk 1:30:07]} Re8 {[%clk 1:32:40]} 10. Bf4
{[%clk 1:30:25]} Na6 {[%clk 1:31:56]} 11. Re1 {[%clk 1:30:18]} Bg4
{[%clk 1:28:47]} 12. h3 {[%clk 1:29:40]} Bxf3 {[%clk 1:28:57]} 13. Bxf3
{[%clk 1:30:04]} Nd7 {[%clk 1:29:02]} 14. Ne4 {[%clk 1:28:33]} Ne5
{[%clk 1:27:11]} 15. Bg2 {[%clk 1:28:54]} Nc7 {[%clk 1:25:35]} 16. Qc1
{[%clk 1:19:56]} Qe7 {[%clk 1:09:07]} 17. Rd1 {[%clk 1:17:36]} b6
{[%clk 1:05:20]} 18. g4 {[%clk 1:12:58]} Rf8 {[%clk 0:58:26]} 19. Bg5
{[%clk 1:11:08]} f6 {[%clk 0:57:42]} 20. Bh4 {[%clk 1:11:33]} Ne8
{[%clk 0:35:05]} 21. f4 {[%clk 1:03:34]} Nf7 {[%clk 0:35:23]} 22. a4
{[%clk 0:55:35]} Qd7 {[%clk 0:34:07]} 23. Ra3 {[%clk 0:40:46]} f5
{[%clk 0:33:23]} 24. gxf5 {[%clk 0:36:10]} gxf5 {[%clk 0:33:42]} 25. Ng3
{[%clk 0:35:55]} Nh8 {[%clk 0:22:43]} 26. Nh5 {[%clk 0:34:59]} Ng6
{[%clk 0:23:02]} 27. Nxg7 {[%clk 0:33:23]} Nxg7 {[%clk 0:23:06]} 28. Bg5
{[%clk 0:21:13]} Nh5 {[%clk 0:23:00]} 29. Bf3 {[%clk 0:19:51]} Nf6
{[%clk 0:22:17]} 30. Bh6 {[%clk 0:19:24]} Rfe8 {[%clk 0:22:02]} 31. Kh1
{[%clk 0:18:11]} Ne4 {[%clk 0:18:31]} 32. Rg1 {[%clk 0:17:33]} Qe7
{[%clk 0:15:27]} 33. Qe1 {[%clk 0:15:07]} Kf7 {[%clk 0:15:17]} 34. Rg2
{[%clk 0:06:17]} Qf6 {[%clk 0:12:41]} 35. e3 {[%clk 0:04:52]} Rg8
{[%clk 0:09:33]} 36. Bg5 {[%clk 0:00:41]} Nxg5 {[%clk 0:08:06]} 37. fxg5
{[%clk 0:01:00]} Qe5 {[%clk 0:07:16]} 38. h4 {[%clk 0:00:59]} Kg7
{[%clk 0:05:42]} 39. h5 {[%clk 0:01:06]} Nf8 {[%clk 0:02:58]} 40. Qh4
{[%clk 0:30:56]} Nd7 {[%clk 0:31:59]} 41. e4 {[%clk 0:22:08]} fxe4
{[%clk 0:27:15]} 42. Bxe4 {[%clk 0:22:27]} Raf8 {[%clk 0:26:55]} 43. Rf3
{[%clk 0:21:04]} Rxf3 {[%clk 0:14:46]} 44. Bxf3 {[%clk 0:21:32]} Qe7
{[%clk 0:14:38]} 45. Bg4 {[%clk 0:11:34]} Ne5 {[%clk 0:12:42]} 46. Be6
{[%clk 0:10:26]} Rf8 {[%clk 0:13:04]} 47. h6+ {[%clk 0:08:56]} Kh8
{[%clk 0:13:10]} 48. Rf2 {[%clk 0:09:17]} Ng6 {[%clk 0:10:23]} 49. Rxf8+
{[%clk 0:07:30]} Qxf8 {[%clk 0:10:37]} 50. Qg3 {[%clk 0:06:08]} Qf1+
{[%clk 0:10:20]} 51. Kh2 {[%clk 0:06:11]} Ne5 {[%clk 0:06:48]} 52. Qe3
{[%clk 0:06:34]} Qf3 {[%clk 0:03:06]} 53. Qd2 {[%clk 0:02:30]} a6
{[%clk 0:02:18]} 54. Qc1 {[%clk 0:02:05]} Qf2+ {[%clk 0:01:10]} 55. Kh3
{[%clk 0:02:32]} Qf3+ {[%clk 0:01:34]} 56. Kh2 {[%clk 0:03:00]} b5
{[%clk 0:01:33]} 57. axb5 {[%clk 0:03:26]} axb5 {[%clk 0:01:58]} 58. Kg1
{[%clk 0:00:46]} Qg3+ {[%clk 0:01:12]} 59. Kf1 {[%clk 0:01:14]} Qf3+
{[%clk 0:01:24]} 60. Kg1 {[%clk 0:01:42]} Qe2 {[%clk 0:01:04]} 61. Kh1
{[%clk 0:01:34]} Qf2 {[%clk 0:01:19]} 62. b3 {[%clk 0:00:37]} b4 {[%clk 0:00:50]}
63. Qa1 {[%clk 0:00:35]} Qh4+ {[%clk 0:01:14]} 64. Kg2 {[%clk 0:00:59]} Qxg5+
{[%clk 0:01:40]} 65. Kf2 {[%clk 0:01:03]} Qf6+ {[%clk 0:01:48]} 66. Kg2
{[%clk 0:01:19]} Qf3+ {[%clk 0:01:58]} 67. Kg1 {[%clk 0:01:16]} Qg3+
{[%clk 0:01:11]} 68. Kf1 {[%clk 0:01:31]} Qf4+ {[%clk 0:01:20]} 69. Kg2
{[%clk 0:01:42]} Qg5+ {[%clk 0:01:30]} 70. Kf2 {[%clk 0:01:31]} Qf6+
{[%clk 0:01:31]} 71. Kg2 {[%clk 0:01:45]} Qf8 {[%clk 0:00:46]} 72. Kg1
{[%clk 0:00:54]} Qxh6 {[%clk 0:00:37]} 73. Qa8+ {[%clk 0:01:20]} Kg7
{[%clk 0:01:04]} 74. Qg8+ {[%clk 0:01:32]} Kf6 {[%clk 0:01:32]} 75. Qd8+
{[%clk 0:01:48]} Kg6 {[%clk 0:01:41]} 76. Qxd6 {[%clk 0:01:46]} Qe3+
{[%clk 0:02:02]} 77. Kf1 {[%clk 0:01:10]} Qf4+ {[%clk 0:01:46]} 78. Kg2
{[%clk 0:01:23]} Qe4+ {[%clk 0:01:51]} 79. Kg1 {[%clk 0:01:20]} Qd4+
{[%clk 0:01:51]} 80. Kg2 {[%clk 0:01:43]} Qb2+ {[%clk 0:00:45]} 81. Kf1
{[%clk 0:01:57]} Qc1+ {[%clk 0:00:43]} 82. Kg2 {[%clk 0:02:18]} Qd2+
{[%clk 0:00:43]} 83. Kg3 {[%clk 0:02:18]} Qe3+ {[%clk 0:01:05]} 84. Kg2
{[%clk 0:02:37]} Qe2+ {[%clk 0:01:24]} 85. Kg3 {[%clk 0:02:38]} Qf3+
{[%clk 0:01:50]} 86. Kh2 {[%clk 0:03:04]} Qf2+ {[%clk 0:01:45]} 87. Kh3
{[%clk 0:03:03]} Qf3+ {[%clk 0:01:09]} 88. Kh2 {[%clk 0:03:28]} Qf4+
{[%clk 0:01:26]} 89. Kg2 {[%clk 0:03:47]} Qe4+ {[%clk 0:01:38]} 90. Kg3
{[%clk 0:02:20]} Qd3+ {[%clk 0:01:56]} 91. Kg2 {[%clk 0:02:40]} Qc2+
{[%clk 0:02:14]} 92. Kf1 {[%clk 0:02:51]} Qb1+ {[%clk 0:02:16]} 93. Kg2
{[%clk 0:03:15]} Qb2+ {[%clk 0:02:11]} 94. Kf1 {[%clk 0:03:41]} Qb1+
{[%clk 0:02:02]} 95. Kg2 {[%clk 0:04:07]} Qe4+ {[%clk 0:02:21]} 96. Kg3
{[%clk 0:04:30]} Qe3+ {[%clk 0:01:56]} 97. Kg2 {[%clk 0:04:56]} Nd3
{[%clk 0:00:49]} 98. Qg3+ {[%clk 0:00:52]} Qxg3+ {[%clk 0:01:14]} 99. Kxg3
{[%clk 0:01:20]} Kf6 {[%clk 0:00:50]} 100. Bg8 {[%clk 0:01:37]} Ke5
{[%clk 0:00:42]} 101. Bxh7 {[%clk 0:01:49]} Nc1 {[%clk 0:01:00]} 102. Kf3
{[%clk 0:00:42]} Nxb3 {[%clk 0:01:11]} 103. Ke3 {[%clk 0:01:07]} Na5
{[%clk 0:00:36]} 104. Bg8 {[%clk 0:00:34]} Nc4+ {[%clk 0:00:57]} 105. Kd3
{[%clk 0:00:58]} Nd6 {[%clk 0:01:10]} 106. Ke3 {[%clk 0:00:49]} c4
{[%clk 0:01:19]} 107. Be6 {[%clk 0:01:13]} b3 {[%clk 0:01:26]} 108. Bg8
{[%clk 0:01:39]} b2 {[%clk 0:01:35]} 0-1